Costos de beneficio del café proyección estimada de la cosecha 1980 - 1981

Na minha lista:
Detalhes bibliográficos
Autor principal: Marín Torres, Edwin
Formato: Texto
Publicado em: San José: Oficina del Café
Tags: Adicionar Tag
Sem tags, seja o primeiro a adicionar uma tag!

MARC

LEADER 00000 a a2200000 04500
001 15114
003
040 |a CRAI/IIS  |c CRAI/IIS 
090 |a 028300  
100 |a Marín Torres, Edwin  
245 |a Costos de beneficio del café proyección estimada de la cosecha 1980 - 1981  
260 |a San José:   |b Oficina del Café  
300 |a 5; 76 p.  
999 |c 3878  |d 3878